000 00464nam a2200181Ia 4500
005 20250326125723.0
008 250326s9999 xx 000 0 und d
037 _aTextbook
040 _aFMSL
_beng
_cFMSL
041 _aeng
_2eng
084 _qFMSL
100 _aSargeaunt M J
245 0 _aOperational research for managemtn
_cSargeaunt M J
260 _aLondon
_bLondon, Heinemann
_c1967
300 _a148p
942 _cTB
999 _c1279270
_d1279270